000 00416nam a2200145Ia 4500
008 220217s9999||||xx |||||||||||||| ||und||
020 _a81-224-1653-5
082 _a410 LEF
100 _aLeff, Lawrence, S
_95363
245 0 _aBarron's math workbook for the new SAT
250 _a3rd
260 _aNew age international private, Ltd.
_bNew Delhi
_c2004
300 _b295
650 _aEXAM BOOKS/GRE/CAT/GATE
999 _c176279
_d176279